| 000 | 00343nam a22001217a 4500 | ||
|---|---|---|---|
| 082 | _aTHE 200 | ||
| 100 |
_aSARA ALI _972625 |
||
| 245 | _aTH-SOF-0954-ASSESSMENT OF PRACTICES OF TQM TOOLS & TECHNIQUES | ||
| 260 |
_aNUST COLLEGE OF EME _bISLAMABAD _c2001 |
||
| 650 |
_a MS-EM-7 MSTHESIS _969831 |
||
| 700 |
_aDR NAWAR KHAN _918465 |
||
| 942 | _cCF | ||
| 999 |
_c578619 _d578619 |
||